|
|
|
|
| LEADER |
00000nam0a2200000 4500 |
| 001 |
50373 |
| 005 |
20231031032947.0 |
| 035 |
|
|
|a (RuTPU)RU\TPU\book\52753
|
| 035 |
|
|
|a RU\TPU\book\52715
|
| 090 |
|
|
|a 50373
|
| 100 |
|
|
|a 20030415d1967 m y0rusy50 ca
|
| 101 |
0 |
|
|a rus
|
| 102 |
|
|
|a RU
|
| 105 |
|
|
|a a j 001zy
|
| 200 |
1 |
|
|a Организация и планирование производства на машиностроительных предприятиях
|e учебник для вузов
|f Е. Г. Либерман, Ю. Е. Звягинцев, А. Н. Золотарев и др.
|g Под ред. Е. Г. Либермана
|
| 205 |
|
|
|a 2-е изд., перераб. и доп.
|
| 210 |
|
|
|a Москва
|c Машиностроение
|d 1967
|
| 215 |
|
|
|a 606 с.
|c ил.
|
| 320 |
|
|
|a Библиогр.: с. 592-596
|
| 333 |
|
|
|a Исключено из фонда НТБ ТПУ
|
| 675 |
|
|
|a 621.80:658.5(075.8)
|v 3
|
| 701 |
|
1 |
|a Либерман
|b Е. Г.
|g Евсей Григорьевич
|
| 701 |
|
1 |
|a Звягинцев
|b Ю. Е.
|
| 701 |
|
1 |
|a Золотарев
|b А. Н.
|
| 701 |
|
1 |
|a Кононенко
|b В. В.
|
| 701 |
|
1 |
|a Макарова
|b Г. М.
|
| 701 |
|
1 |
|a Олейник
|b С. У.
|
| 702 |
|
1 |
|a Либерман
|b Е. Г.
|g Евсей Григорьевич
|4 340
|
| 801 |
|
2 |
|a RU
|b 63413507
|c 20221026
|g PSBO
|
| 942 |
|
|
|c BK
|